| 000 | 01138nam a22001937a 4500 | ||
|---|---|---|---|
| 999 |
_c63345 _d63345 |
||
| 003 | Ge_BSU | ||
| 005 | 20250922210756.0 | ||
| 008 | 250922s1999 ge ||||| |||| 00| 0 geo d | ||
| 041 | _ageo | ||
| 080 | _a347(479.22)(094.4) ს-32 | ||
| 245 |
_aსაქართველოს სამოქალაქო კოდექსის კომენტარი : _b[5 წიგნად]. წ. 2, სანივთო (ქონებრივი) სამართალი / _c[სარედ. კოლ.: ლადო ჭანტურია (მთ. რედ.) და სხვ.] |
||
| 264 |
_aთბილისი : _bსამართალი, _c1999. |
||
| 300 |
_a344 გვ.; _b20 სმ. |
||
| 653 | _aსაქართველოს სანივთო სამართალი. | ||
| 653 | _aსაქართველოს ქონებრივი სამართალი. | ||
| 653 | _aსაქართველოს სამოქალაქო კოდექსი. | ||
| 700 |
_aჭანტურია, ლადო _eრედაქტორი _925851 |
||
| 942 |
_2udc _cᲬᲘᲒᲜᲘ |
||